東京都府中市の町名 - Statistics

General Stats
  • This quiz has been taken 23 times
  • The average score is 16 of 38
Answer Stats
Answer % Correct
府中町
72%
西府町
72%
是政
67%
本町
67%
多磨町
61%
新町
61%
白糸台
56%
緑町
50%
南町
50%
武蔵台
50%
朝日町
44%
押立町
44%
浅間町
44%
天神町
44%
宮町
44%
栄町
44%
西原町
44%
東芝町
44%
分梅町
44%
四谷
44%
本宿町
44%
小柳町
39%
清水が丘
39%
宮西町
39%
日鋼町
39%
紅葉丘
33%
若松町
33%
片町
33%
晴見町
33%
美好町
33%
住吉町
33%
日吉町
28%
北山町
28%
日新町
28%
矢崎町
22%
幸町
17%
八幡町
17%
寿町
17%
No matching quizzes found
Score Distribution
Percent of People with Each Score
Percentile by Number Answered
Your Score History
You have not taken this quiz